RC Strasbourg Alsace Squad 2021-2022 - Statistics

General Stats
  • This quiz has been taken 12 times
  • The average score is 14 of 26
Answer Stats
# Position Nation Player % Correct
1 GK Belgium Matz Sels
100%
12 FW South Africa Lebo Mothiba
88%
25 FW France Ludovic Ajorque
88%
11 MF France Dimitri Liénard
75%
20 FW Senegal Habib Diallo
75%
14 MF Bosnia and Herzegovina Sanjin Prcić
75%
30 GK Senegal Bingourou Kamara
63%
16 GK Japan Eiji Kawashima
63%
2 DF France Frédéric Guilbert
63%
17 MF France Jean-Ricner Bellegarde
63%
4 DF Poland Karol Fila
63%
5 DF France Lucas Perrin
63%
10 MF France Adrien Thomasson
50%
24 DF Ghana Alexander Djiku
50%
27 MF Mali Ibrahima Sissoko
50%
29 DF France Ismaël Doukouré
50%
- Coach France Julien Stéphan
50%
9 FW France Kévin Gameiro
50%
8 FW Ghana Majeed Waris
50%
6 MF Ivory Coast Jean-Eudes Aholou
38%
19 DF France Anthony Caci
25%
22 DF France Gerzino Nyamsi
25%
18 MF Mali Mahamé Siby
13%
15 FW Ivory Coast Moïse Sahi Dion
13%
34 MF Morocco Nordine Kandil
13%
23 DF France Maxime Le Marchand
0%
No matching quizzes found
Score Distribution
Percent of People with Each Score
Percentile by Number Answered
Your Score History
You have not taken this quiz